1411 1117 1996 1094 1580 1482 1907 1898 1820 1774 1318 1238 1117 1631 1554 1259 1629 1893 1218 1458 1096 1344 1407 1319 1961 1496 1790 1241 1867 1441 1402 1386 1077 1656 1265 1094 1052 1364 1682 1687 1777 1921 1917 1472 1034 1203 1615 1467 1868 1989 1236 1494 1523 1749 1542 1847 1618 1884 1930 1317 1269 1400 1110 1577 1991 1110 1650 1516 1463 1377 1700 1323 1992 1852 1563 1886 1690 1718 1153 1778 1861 1370 1493 1683 1150 1963 1283 1168 1493 1196 1189 1890 1367 1679 1901 1664 1345 1271 1921 BCNSPRNW ULIB Ver.6.0+V

เปลี่ยนเป็นภาษาไทย

Change to English
 แสดงรายละเอียดบรรณานุกรม
  กลับหน้าหลัก

Brief Record : Get Marc (ISO 2709) : E-mail record : QR code < ปิดหน้าต่าง
LEADER : 00000nam 2200000uu 4500
001    13399113423
003     ULIB
008    110627s2550||||th 000 0 tha d
020    9789748102405
090    นว.^bต344อ 2550
100 0  ตารกา
245 00 อธิฐานรักไพ่ร้อยมนตร์/^cตารกา
250    พิมพ์ครั้งที่ 2
260    กรุงเทพฯ :^bแจ่มใส,^c2550
300    219 หน้า
710 1  แจ่มใส
945    ^p149^l0^i022024
995    ทศพร
999 ^a ใช้งานได้ทุกระบบ
รายการนี้ยังไม่มีแท็ก
คุณยังไม่ได้ล็อกอิน คุณสามารถมีกิจกรรมร่วมกับเว็บไซต์ได้ แต่ต้องล็อกอินก่อน ::
  ล็อกอิน

รายการสื่อสารสนเทศ

ลำดับที่ ประเภท เลขเรียก/บาร์โค้ด สถานที่ สถานะ
1. นวนิยาย
นวนิยาย
นว. ต344อ 2550 ฉ.1 
  Barcode: 022024
ห้องสมุดวิทยาเขตสวรรค์ประชารักษ์
►นวนิยาย
บนชั้น
  ขอยืม

BibComment


ยังไม่เคยถูกคอมเมนท์

คอมเมนท์ทรัพยากรรายการนี้
  คอมเมนท์: อธิฐานรักไพ่ร้อยม..


 Copyright 2026. Bcnsprnw @Library